| 000 | 00806cab a2200265 4500 | ||
|---|---|---|---|
| 001 | ABS59302 | ||
| 008 | 090401t1998 xxu||||| |||| 00| 0 eng d | ||
| 035 | _a(Sirsi) u88569 | ||
| 041 | _aeng | ||
| 100 | _aCrathorne, R. | ||
| 245 | _aLandowners in favour of walking the voluntary path | ||
| 260 | _c1998 | ||
| 350 | _a0 | ||
| 490 |
_aProperty Week _v63(20) 11 September 1998, 40(1) |
||
| 520 | _aDiscusses the consultation on public access to the countryside and whether landowners should favour granting additional access right voluntarily. | ||
| 650 | _aCLA | ||
| 650 | _aCONSULTATION | ||
| 650 | _aLANDOWNERS | ||
| 650 | _aLEGISLATION | ||
| 650 | _aPUBLIC ACCESS | ||
| 650 | _aVOLUNTARY ACCESS | ||
| 690 | _aHIGHWAYS RIGHTS OF WAY AND EASEMENTS | ||
| 942 | _n0 | ||
| 948 | _c22/09/1998 | ||
| 999 |
_c55978 _d55978 |
||